[Event "Tianjin Binhai Cup-A 3rd"]
[Site "Tianjin"]
[Date "2023.08.25"]
[Round "9"]
[White "Chen, Zhi"]
[Black "Zhou, Yichen"]
[Result "0-1"]
[WhiteElo "1989"]
[BlackElo "1928"]
[PlyCount "120"]
[EventDate "2023.08.20"]
[EventType "swiss"]
[EventRounds "9"]
[EventCountry "CHN"]
[SourceTitle "CBM 215 Extra"]
[Source "ChessBase"]
[SourceDate "2023.09.30"]
[SourceVersion "1"]
[SourceVersionDate "2023.09.30"]
[SourceQuality "1"]

1. e4 c5 2. c3 Nf6 3. e5 Nd5 4. Nf3 Nc6 5. d4 cxd4 6. cxd4 d6 7. Bc4 Nb6 8. Bb3 dxe5 9. dxe5 Qxd1+ 10. Bxd1 g6 11. 0-0 Bg7 12. Bf4 Nc4 13. Nc3 0-0 14. Re1 Nxb2 15. Be2 Bf5 16. Rab1 Nd3 17. Bxd3 Bxd3 18. Rxb7 Rfd8 19. h3 h6 20. Rc1 Rac8 21. Na4 Be4 22. Nd2 Bd5 23. Rb5 g5 24. Bg3 Bxa2 25. Nf1 Be6 26. Ne3 Nd4 27. Rxc8 Rxc8 28. Rb2 Bb3 29. Rd2 Ne6 30. Nb2 a5 31. Rd7 Rc7 32. Rxc7 Nxc7 33. Nf5 a4 34. Nxa4 Bxa4 35. Nxe7+ Kf8 36. Nf5 Ne6 37. h4 Bc2 38. Ne3 Bd3 39. hxg5 hxg5 40. Nd5 Nd4 41. f4 gxf4 42. Nxf4 Ne2+ 43. Nxe2 Bxe2 44. Kf2 Bh5 45. Ke3 Ke7 46. Kd4 Ke6 47. Bh2 Be2 48. Ke4 Bf1 49. g4 Bh3 50. g5 Bg2+ 51. Kd4 Kf5 52. Bg3 Kxg5 53. Kc5 Kf5 54. Kd6 Bf8+ 55. Kd7 Bd5 56. Bh2 Be6+ 57. Kc6 Ke4 58. Bg3 Bh6 59. Kc5 Bf4 60. Be1 Bxe5 0-1

[Event "Daqing Boyi Cup-A"]
[Site "Daqing"]
[Date "2023.08.17"]
[Round "9"]
[White "Mendoza, Shania Mae"]
[Black "Zhou, Yichen"]
[Result "0-1"]
[WhiteElo "2077"]
[BlackElo "1928"]
[PlyCount "78"]
[EventDate "2023.08.13"]
[EventType "swiss"]
[EventRounds "9"]
[EventCountry "CHN"]
[SourceTitle "EXT 2024"]
[Source "ChessBase"]
[SourceDate "2023.10.10"]
[SourceVersion "1"]
[SourceVersionDate "2023.10.10"]
[SourceQuality "1"]

1. e4 c5 2. Nf3 d6 3. Bb5+ Bd7 4. Bxd7+ Qxd7 5. c4 Nc6 6. 0-0 Nf6 7. Nc3 g6 8. d4 cxd4 9. Nxd4 Bg7 10. h3 Nxe4 11. Nxe4 Nxd4 12. Bh6 Bxh6 13. Qxd4 0-0 14. Rfe1 Bg7 15. Qd2 Qc6 16. Rac1 Rad8 17. b3 b6 18. Nc3 e6 19. Qd3 Rd7 20. Rc2 Qb7 21. Ne4 d5 22. cxd5 exd5 23. Ng5 d4 24. Nf3 Qd5 25. Rc4 b5 26. Rb4 a6 27. a4 Qc5 28. Qd2 Bh6 29. Qxh6 Qxb4 30. axb5 axb5 31. Re4 Qc5 32. Ng5 Qc1+ 33. Kh2 f6 34. Rxd4 Qc7+ 35. f4 fxg5 36. Rxd7 Qxd7 37. Qxg5 Qf5 38. Qe7 Qxf4+ 39. Kg1 Qf7 0-1

[Event "Daqing Boyi Cup-A"]
[Site "Daqing"]
[Date "2023.08.16"]
[Round "8"]
[White "Zhou, Yichen"]
[Black "Wang, Qinxuanyi"]
[Result "1/2-1/2"]
[WhiteElo "1928"]
[BlackElo "2032"]
[PlyCount "66"]
[EventDate "2023.08.13"]
[EventType "swiss"]
[EventRounds "9"]
[EventCountry "CHN"]
[SourceTitle "EXT 2024"]
[Source "ChessBase"]
[SourceDate "2023.10.10"]
[SourceVersion "1"]
[SourceVersionDate "2023.10.10"]
[SourceQuality "1"]

1. d4 d5 2. c4 c6 3. Nc3 Nf6 4. Nf3 e6 5. e3 Nbd7 6. Bd3 dxc4 7. Bxc4 b5 8. Be2 Bb7 9. e4 b4 10. e5 bxc3 11. exf6 cxb2 12. fxg7 Bxg7 13. Bxb2 Qa5+ 14. Nd2 c5 15. 0-0 cxd4 16. Nc4 Qd5 17. Bf3 Qxc4 18. Bxb7 Rb8 19. Ba3 Qc7 20. Be4 Bf8 21. Bxf8 Kxf8 22. Qxd4 Ke7 23. Rac1 Qb6 24. Qd2 Nf6 25. Bf3 Rhc8 26. h3 Rd8 27. Qg5 Rd7 28. Rc4 Rg8 29. Qh4 Qa5 30. Ra4 Qc5 31. Qf4 Rc8 32. Qh4 Rg8 33. Qf4 Rc8 1/2-1/2

[Event "Daqing Boyi Cup-A"]
[Site "Daqing"]
[Date "2023.08.13"]
[Round "1"]
[White "Bulgankhan, Ganzorig"]
[Black "Zhou, Yichen"]
[Result "1-0"]
[WhiteElo "2092"]
[BlackElo "1928"]
[PlyCount "95"]
[EventDate "2023.08.13"]
[EventType "swiss"]
[EventRounds "9"]
[EventCountry "CHN"]
[SourceTitle "EXT 2024"]
[Source "ChessBase"]
[SourceDate "2023.10.10"]
[SourceVersion "1"]
[SourceVersionDate "2023.10.10"]
[SourceQuality "1"]

1. d4 Nf6 2. c4 e6 3. g3 d5 4. Nf3 Be7 5. Bg2 0-0 6. 0-0 dxc4 7. Na3 c3 8. bxc3 c5 9. Nc4 Nc6 10. Nfe5 Nxe5 11. Nxe5 Nd5 12. Bb2 Bf6 13. Ng4 Be7 14. Qb3 Qb6 15. Ne5 Bf6 16. Nc4 Qxb3 17. axb3 cxd4 18. cxd4 Bd7 19. e4 Nc7 20. Ba3 Bxd4 21. Rad1 Nb5 22. Bxf8 Kxf8 23. Kh1 Bc6 24. Na5 e5 25. Nxc6 bxc6 26. f4 Re8 27. fxe5 Rxe5 28. Rf5 Ke7 29. Bf1 Rxe4 30. Bxb5 cxb5 31. Rxb5 Bb6 32. Rbd5 Kf8 33. Rd7 Re7 34. Rxe7 Kxe7 35. Kg2 h5 36. Kf3 g6 37. Rc1 Ke6 38. Ke4 Kd6 39. b4 Ke6 40. Rc6+ Kd7 41. Kd5 Bg1 42. Rc2 Bb6 43. Re2 Bg1 44. b5 Bb6 45. Re1 Bc7 46. Rf1 f5 47. Ra1 Bb6 48. Re1 1-0

[Event "CHN-chT"]
[Site "Hangzhou"]
[Date "2023.05.26"]
[Round "8.2"]
[White "Zhou, Yichen"]
[Black "Hou, Yifan B"]
[Result "1/2-1/2"]
[WhiteElo "1852"]
[BlackElo "2002"]
[PlyCount "60"]
[EventDate "2023.05.19"]
[EventType "team-swiss"]
[EventRounds "9"]
[EventCountry "CHN"]
[SourceTitle "CBM 214 Extra"]
[Source "ChessBase"]
[SourceDate "2023.07.31"]
[SourceVersion "1"]
[SourceVersionDate "2023.07.31"]
[SourceQuality "1"]
[WhiteTeam "Hubei"]
[BlackTeam "Heilongjiang"]
[WhiteTeamCountry "CHN"]
[BlackTeamCountry "CHN"]

1. d4 Nf6 2. c4 e6 3. Nc3 Bb4 4. Bd2 0-0 5. e3 d5 6. Nf3 b6 7. cxd5 exd5 8. Bd3 c5 9. a3 Bxc3 10. Bxc3 c4 11. Bc2 Bg4 12. Qd2 Ne4 13. Bxe4 dxe4 14. Ne5 Be6 15. d5 Qxd5 16. Qxd5 Bxd5 17. Rd1 Be6 18. Rd4 f6 19. Nxc4 Nc6 20. Rd6 Bxc4 21. Rxc6 Rac8 22. Rxc8 Rxc8 23. Kd2 Kf7 24. h4 Rc5 25. Rh3 Be6 26. Rh1 Rf5 27. Ke1 Rh5 28. Bd4 Kg6 29. f3 exf3 30. gxf3 Kf7 1/2-1/2

[Event "CHN-chT"]
[Site "Hangzhou"]
[Date "2023.05.25"]
[Round "7.2"]
[White "Xie, Jiaxiang"]
[Black "Zhou, Yichen"]
[Result "0-1"]
[WhiteElo "1692"]
[BlackElo "1852"]
[PlyCount "158"]
[EventDate "2023.05.19"]
[EventType "team-swiss"]
[EventRounds "9"]
[EventCountry "CHN"]
[SourceTitle "CBM 214 Extra"]
[Source "ChessBase"]
[SourceDate "2023.07.31"]
[SourceVersion "1"]
[SourceVersionDate "2023.07.31"]
[SourceQuality "1"]
[WhiteTeam "Hebei"]
[BlackTeam "Hubei"]
[WhiteTeamCountry "CHN"]
[BlackTeamCountry "CHN"]

1. e4 c5 2. Nf3 Nc6 3. c3 Nf6 4. d3 e5 5. Be2 d5 6. Nbd2 Be7 7. 0-0 0-0 8. Qc2 h6 9. Re1 Be6 10. Nf1 d4 11. Ng3 Rc8 12. Bd2 b5 13. c4 bxc4 14. dxc4 Qb6 15. Nh4 Rfd8 16. Nhf5 Bf8 17. b3 g6 18. Nh4 Nb4 19. Qc1 Kh7 20. a3 Nc6 21. Rb1 a5 22. Bd3 Bg7 23. Qc2 Kg8 24. Qc1 Kh7 25. Qc2 Qc7 26. Rf1 Rb8 27. f4 exf4 28. Bxf4 Ne5 29. Bxe5 Qxe5 30. Rbe1 Ng4 31. Nf3 Qc7 32. Nf5 Qb6 33. Qe2 Ne3 34. Nxe3 dxe3 35. Rb1 a4 36. bxa4 Qa5 37. Qxe3 Qc3 38. Rxb8 Rxb8 39. e5 Rb3 40. Rd1 Bxc4 41. e6 Bxe6 42. Bxg6+ fxg6 43. Qxe6 Qc2 44. Re1 c4 45. Qd7 Rd3 46. Qh3 Rd5 47. Qe6 Qd3 48. Re3 Qd1+ 49. Re1 Qd3 50. Re3 Qb1+ 51. Re1 Qb7 52. Qe4 c3 53. h3 Qb6+ 54. Kh1 Rd7 55. Qh4 Qc5 56. Qg4 Rd6 57. Rc1 Qxa3 58. Rc2 Qa1+ 59. Kh2 Qb1 60. Qe4 Rd2 61. Ne1 Rd1 62. Re2 Qb8+ 63. g3 Rd2 64. h4 Qb2 65. Nc2 h5 66. Kg2 Qa2 67. Kf2 Rd7 68. Ne1 Qf7+ 69. Kg2 Rd4 70. Qc2 Qd5+ 71. Nf3 Rd3 72. Rf2 Bh6 73. Qa2 Qb7 74. Qc2 Qe4 75. Kh2 Qe3 76. Ne5 Qxg3+ 77. Kh1 Qh3+ 78. Kg1 Rg3+ 79. Rg2 Be3+ 0-1

[Event "CHN-chT"]
[Site "Hangzhou"]
[Date "2023.05.23"]
[Round "5.2"]
[White "Zhou, Yichen"]
[Black "Shen, Siyuan"]
[Result "1-0"]
[WhiteElo "1852"]
[BlackElo "2330"]
[PlyCount "89"]
[EventDate "2023.05.19"]
[EventType "team-swiss"]
[EventRounds "9"]
[EventCountry "CHN"]
[SourceTitle "CBM 214 Extra"]
[Source "ChessBase"]
[SourceDate "2023.07.31"]
[SourceVersion "1"]
[SourceVersionDate "2023.07.31"]
[SourceQuality "1"]
[WhiteTeam "Hubei"]
[BlackTeam "Ningbo"]
[WhiteTeamCountry "CHN"]
[BlackTeamCountry "CHN"]

1. d4 d5 2. c4 e6 3. Nc3 Nf6 4. Nf3 c6 5. e3 Nbd7 6. Bd3 dxc4 7. Bxc4 b5 8. Be2 Bb7 9. e4 b4 10. e5 bxc3 11. exf6 cxb2 12. fxg7 Bxg7 13. Bxb2 Qa5+ 14. Nd2 Ba6 15. 0-0 Bxe2 16. Qxe2 0-0 17. Nb3 Qb5 18. Qc2 a5 19. a4 Qd5 20. Bc3 Rfc8 21. Rfd1 Nf6 22. Rd3 Qf5 23. Qe2 Nd5 24. Bd2 c5 25. Rf3 Qh5 26. dxc5 Rab8 27. Re1 Qg4 28. Qe4 Qxe4 29. Rxe4 Nc3 30. Bxc3 Rxb3 31. Bxa5 Rb1+ 32. Re1 Rb2 33. Rd1 Ra2 34. Rf4 Kf8 35. Rc4 Ke8 36. c6 Be5 37. c7 Ke7 38. g3 Bd6 39. Rcd4 Bc5 40. Rd8 Bxf2+ 41. Kh1 Rxc7 42. Bxc7 Rxa4 43. R8d2 Bc5 44. Bd8+ Ke8 45. Bf6 1-0

[Event "CHN-chT"]
[Site "Hangzhou"]
[Date "2023.05.22"]
[Round "4.2"]
[White "Zhou, Yichen"]
[Black "Yu, Ruiyuan1111"]
[Result "1/2-1/2"]
[WhiteElo "1852"]
[BlackElo "2498"]
[PlyCount "73"]
[EventDate "2023.05.19"]
[EventType "team-swiss"]
[EventRounds "9"]
[EventCountry "CHN"]
[SourceTitle "CBM 214 Extra"]
[Source "ChessBase"]
[SourceDate "2023.07.31"]
[SourceVersion "1"]
[SourceVersionDate "2023.07.31"]
[SourceQuality "1"]
[WhiteTeam "Hubei"]
[BlackTeam "Shenzhen"]
[WhiteTeamCountry "CHN"]
[BlackTeamCountry "CHN"]

1. d4 d5 2. c4 c6 3. cxd5 cxd5 4. Nc3 Nf6 5. Bf4 Nc6 6. e3 Bf5 7. Nf3 e6 8. Qb3 Bb4 9. Ne5 Qb6 10. Nxc6 bxc6 11. Be2 c5 12. 0-0 Bxc3 13. Qa4+ Ke7 14. bxc3 Rhc8 15. Ba6 Bc2 16. Qa3 Rc6 17. Be2 Ke8 18. Rac1 Bf5 19. c4 Rac8 20. Be5 cxd4 21. Bxd4 Qc7 22. c5 a6 23. Qb2 Nd7 24. Bxg7 Nxc5 25. Bd4 Ne4 26. Rxc6 Qxc6 27. Qa3 Nd6 28. Bxa6 Ra8 29. Bb7 Rxa3 30. Bxc6+ Ke7 31. Rc1 Rxa2 32. Bc5 Bd3 33. f3 f5 34. Rc3 Bc4 35. e4 f4 36. Ra3 Rxa3 37. Bxa3 1/2-1/2

[Event "CHN-ch sf"]
[Site "Hefei"]
[Date "2023.04.28"]
[Round "11"]
[White "Zhou, Yichen"]
[Black "Jiang, Haochen"]
[Result "1/2-1/2"]
[WhiteElo "1824"]
[BlackElo "1523"]
[PlyCount "41"]
[EventDate "2023.04.23"]
[EventType "swiss"]
[EventRounds "11"]
[EventCountry "CHN"]
[SourceTitle "CBM 214 Extra"]
[Source "ChessBase"]
[SourceDate "2023.07.31"]
[SourceVersion "1"]
[SourceVersionDate "2023.07.31"]
[SourceQuality "1"]

1. d4 d5 2. c4 e6 3. Nf3 Nf6 4. g3 dxc4 5. Bg2 Nc6 6. Qa4 Bb4+ 7. Bd2 Nd5 8. Bxb4 Ndxb4 9. 0-0 Rb8 10. Na3 0-0 11. Qb5 b6 12. Qxc4 Ba6 13. Nb5 Qd5 14. Qxd5 Nxd5 15. a4 Na5 16. Rac1 c6 17. Nxa7 Bxe2 18. Rfe1 Bxf3 19. Bxf3 Ra8 20. Nxc6 Nxc6 21. Rxc6 1/2-1/2

[Event "CHN-ch sf"]
[Site "Hefei"]
[Date "2023.04.25"]
[Round "5"]
[White "Chen, Zhi"]
[Black "Zhou, Yichen"]
[Result "1-0"]
[WhiteElo "1980"]
[BlackElo "1824"]
[PlyCount "93"]
[EventDate "2023.04.23"]
[EventType "swiss"]
[EventRounds "11"]
[EventCountry "CHN"]
[SourceTitle "CBM 214 Extra"]
[Source "ChessBase"]
[SourceDate "2023.07.31"]
[SourceVersion "1"]
[SourceVersionDate "2023.07.31"]
[SourceQuality "1"]

1. e4 c5 2. Nf3 d6 3. Bb5+ Bd7 4. Bxd7+ Qxd7 5. c4 Nf6 6. Nc3 g6 7. 0-0 Bg7 8. d4 cxd4 9. Nxd4 Nc6 10. Nf3 0-0 11. Qe2 Rfc8 12. Bd2 Ng4 13. Rac1 Nge5 14. b3 Qg4 15. Nxe5 Qxe2 16. Nxe2 Bxe5 17. f4 Bg7 18. Bc3 Bh6 19. g4 a6 20. Rf3 b5 21. g5 Bf8 22. Bb2 Na5 23. cxb5 Rxc1+ 24. Nxc1 axb5 25. a3 Nc6 26. b4 Bg7 27. Bxg7 Kxg7 28. Ne2 h6 29. Rc3 Ra6 30. h4 hxg5 31. hxg5 Rb6 32. Kf2 f6 33. gxf6+ Kxf6 34. Ke3 Ke6 35. Kf3 Kf6 36. Rd3 g5 37. Nc3 Ke6 38. Nd5 Rb8 39. Rc3 Kd7 40. fxg5 Rg8 41. Kf4 Rf8+ 42. Kg3 Rf1 43. g6 Rg1+ 44. Kf2 Rxg6 45. Rxc6 e6 46. Rc7+ Kd8 47. Rc8+ 1-0

[Event "CHN-chB"]
[Site "Qiziwan"]
[Date "2023.02.04"]
[Round "11"]
[White "Zhou, Yichen"]
[Black "Xie, Jianjun"]
[Result "0-1"]
[WhiteElo "1670"]
[BlackElo "2414"]
[PlyCount "76"]
[EventDate "2023.01.30"]
[EventType "swiss"]
[EventRounds "11"]
[EventCountry "CHN"]
[SourceTitle "CBM 212 Extra"]
[Source "ChessBase"]
[SourceDate "2023.03.31"]
[SourceVersion "1"]
[SourceVersionDate "2023.03.31"]
[SourceQuality "1"]

1. d4 d5 2. c4 e5 3. dxe5 d4 4. Nf3 Nc6 5. a3 Bg4 6. e3 Nxe5 7. Qxd4 Nxf3+ 8. gxf3 Bxf3 9. Rg1 Qxd4 10. exd4 0-0-0 11. Be3 g6 12. Nc3 Bg7 13. Be2 Bxe2 14. Nxe2 Ne7 15. 0-0-0 Nf5 16. Rd3 Rhe8 17. Rgd1 Nxe3 18. fxe3 Bh6 19. Rf1 Rxe3 20. Rxe3 Bxe3+ 21. Kc2 f5 22. Kc3 c6 23. Rf3 Bg5 24. Rh3 Rd7 25. Kd3 Bf6 26. b4 b6 27. c5 Kc7 28. Re3 Re7 29. Rf3 Re4 30. h3 Kd7 31. Rg3 b5 32. Rf3 a6 33. Rg3 Ke6 34. Rf3 h5 35. Nf4+ Kf7 36. Ne2 h4 37. Rf1 Bg5 38. Rf3 Ke6 0-1

[Event "Eastern Asia-ch U12"]
[Site "Tornelo INT"]
[Date "2021.10.31"]
[Round "9"]
[White "Zhou, Yichen"]
[Black "Goutham Krishna, H."]
[Result "1-0"]
[WhiteElo "1670"]
[BlackElo "1361"]
[PlyCount "91"]
[EventDate "2021.10.29"]
[EventType "swiss"]
[EventRounds "9"]
[EventCountry "NET"]
[SourceTitle "EXT 2023"]
[Source "ChessBase"]
[SourceDate "2022.10.05"]
[SourceVersion "1"]
[SourceVersionDate "2022.10.05"]
[SourceQuality "1"]

1. d4 Nf6 2. c4 g6 3. Nc3 Bg7 4. e4 0-0 5. Be2 d6 6. Bg5 h6 7. Be3 e5 8. d5 c6 9. Qd2 cxd5 10. cxd5 Kh7 11. 0-0-0 a6 12. Kb1 b5 13. f3 Nbd7 14. a3 Qa5 15. Na2 Qc7 16. Rc1 Qb8 17. Nb4 Bb7 18. Nc6 Qe8 19. Nh3 Rc8 20. Na5 Ba8 21. Nf2 Qe7 22. Nd3 Rfe8 23. Nb4 Nc5 24. Rc2 Nfd7 25. Rhc1 Qf8 26. Nd3 f5 27. Nxc5 dxc5 28. b3 f4 29. Bf2 Qd6 30. Ka2 Bf8 31. a4 c4 32. bxc4 Qa3+ 33. Kb1 Bb4 34. Qd3 Qxa4 35. Ra2 bxc4 36. Rxc4 Qb5 37. Rxc8 Qxd3+ 38. Bxd3 Rxc8 39. Bxa6 Rb8 40. Nc6 Bxc6 41. dxc6 Nf6 42. c7 Bd6+ 43. cxb8R Bxb8 44. Bc4 Bd6 45. Ra6 Be7 46. Ra7 1-0

[Event "Wch FIDE Online U12 Asia qual"]
[Site "Tornelo INT"]
[Date "2020.12.11"]
[Round "2"]
[White "Ilamparthi, AR."]
[Black "Zhou, Yichen"]
[Result "1-0"]
[WhiteElo "1989"]
[BlackElo "1670"]
[PlyCount "75"]
[EventDate "2020.12.11"]
[EventType "swiss (rapid)"]
[EventRounds "7"]
[EventCountry "ISS"]
[SourceTitle "EXT 2022"]
[Source "ChessBase"]
[SourceDate "2021.10.06"]
[SourceVersion "1"]
[SourceVersionDate "2021.10.06"]
[SourceQuality "1"]

1. Nf3 Nf6 2. g3 g6 3. Bg2 Bg7 4. 0-0 0-0 5. d3 d5 6. Nbd2 c6 7. e4 dxe4 8. dxe4 Bg4 9. h3 Bxf3 10. Qxf3 Nbd7 11. Nc4 Qc7 12. Bf4 e5 13. Be3 b5 14. Nd2 Nb6 15. Qe2 Rfd8 16. Rad1 Na4 17. Rb1 Rd7 18. c3 Rad8 19. Nb3 a6 20. c4 Ne8 21. c5 Bf8 22. Rfc1 Ng7 23. h4 Rd3 24. Bh3 Ne6 25. h5 Be7 26. hxg6 hxg6 27. Bxe6 fxe6 28. Kg2 Kf7 29. Rh1 Kg7 30. Rh3 R3d7 31. Rbh1 Bf6 32. Qg4 Rf7 33. Rh7+ Kf8 34. Qxg6 Rxh7 35. Rxh7 Bg7 36. Bh6 Rd7 37. Rh8+ Ke7 38. Qxg7# 1-0

[Event "Online Friendship U12"]
[Site "Tornelo INT"]
[Date "2020.11.21"]
[Round "4.1"]
[White "Zhou, Yichen"]
[Black "Nemsadze, Daviti"]
[Result "1-0"]
[WhiteElo "1670"]
[BlackElo "1687"]
[PlyCount "149"]
[EventDate "2020.11.21"]
[EventType "team-swiss"]
[EventRounds "7"]
[EventCountry "BLR"]
[SourceTitle "CBM 199 Extra"]
[Source "ChessBase"]
[SourceDate "2021.01.31"]
[SourceVersion "1"]
[SourceVersionDate "2021.01.31"]
[SourceQuality "1"]
[WhiteTeam "China"]
[BlackTeam "Georgia"]
[WhiteTeamCountry "CHN"]
[BlackTeamCountry "GEO"]

1. d4 g6 2. c4 Bg7 3. Nf3 d6 4. g3 Nf6 5. Bg2 0-0 6. 0-0 Nbd7 7. Nc3 c6 8. b3 Qc7 9. Bb2 e5 10. dxe5 dxe5 11. Qc2 Re8 12. Rad1 Nc5 13. Qc1 a5 14. Ba3 b6 15. Bxc5 bxc5 16. Nd2 Bf5 17. Nde4 Nxe4 18. Bxe4 Be6 19. Bg2 f5 20. e4 f4 21. gxf4 exf4 22. Nd5 cxd5 23. exd5 Bg4 24. d6 Qd7 25. Bxa8 Bxd1 26. Bd5+ Kh8 27. Qxd1 Qxd6 28. Re1 Rf8 29. Qf3 Bd4 30. Re6 Qd8 31. Qg4 Rf6 32. Re4 Qf8 33. Qd7 Rd6 34. Qc7 Qd8 35. Qf7 Qg5+ 36. Kf1 Rd8 37. Re7 Qh4 38. Re2 Qf6 39. Qxf6+ Bxf6 40. Re6 Bd4 41. Ra6 Bc3 42. Rc6 Bd4 43. Rb6 Bc3 44. Rb5 Bb4 45. Rb7 Bc3 46. Kg2 Re8 47. Kf3 g5 48. Be4 h5 49. Rh7+ Kg8 50. Rxh5 Bf6 51. Bd5+ Kg7 52. Kg4 Kg6 53. f3 Re5 54. Be4+ Kg7 55. Rh7+ Kf8 56. Rc7 Be7 57. h3 Ke8 58. Ra7 Bd8 59. Kh5 Kf8 60. Kg6 Ke8 61. Bc6+ Kf8 62. Rf7+ Kg8 63. Bd5 Re8 64. Rg7+ Kf8 65. Rf7+ Kg8 66. Rxf4+ Kh8 67. Rf7 Rg8+ 68. Kf5 Re8 69. Kg4 Rg8 70. Kh5 Re8 71. Kh6 Kg8 72. Re7+ Kf8 73. Rf7+ Kg8 74. Kg6 Kh8 75. Rh7# 1-0

[Event "Tianjin Binhai Cup 2nd"]
[Site "Tianjin"]
[Date "2020.01.18"]
[Round "9"]
[White "Zhou, Zirun"]
[Black "Zhou, Yichen"]
[Result "1/2-1/2"]
[WhiteElo "2134"]
[BlackElo "1536"]
[PlyCount "102"]
[EventDate "2020.01.13"]
[EventType "swiss"]
[EventRounds "9"]
[EventCountry "CHN"]
[SourceTitle "CBM 194 Extra"]
[Source "ChessBase"]
[SourceDate "2020.03.31"]
[SourceVersion "1"]
[SourceVersionDate "2020.03.31"]
[SourceQuality "1"]

1. d4 Nf6 2. c4 e6 3. Nc3 Bb4 4. e3 0-0 5. Bd3 d6 6. Nge2 Nbd7 7. 0-0 Bxc3 8. Nxc3 b6 9. b3 Bb7 10. Bb2 a6 11. Qc2 h6 12. Rad1 Qe7 13. Ne4 Nxe4 14. Bxe4 Bxe4 15. Qxe4 Nf6 16. Qc6 Qd7 17. Qxd7 Nxd7 18. d5 e5 19. f3 f5 20. Rd2 a5 21. Bc3 Nc5 22. Rb1 g5 23. a3 f4 24. exf4 gxf4 25. Re2 Nd7 26. Be1 Kh7 27. Bh4 Rg8 28. Kf1 Nf8 29. b4 Ng6 30. Bf2 Rgb8 31. Reb2 Ne7 32. c5 axb4 33. cxd6 cxd6 34. Rxb4 Nxd5 35. R4b3 Ne7 36. Rxb6 Rxb6 37. Rxb6 Nf5 38. Rb3 Kg6 39. g4 fxg3 40. hxg3 Kf7 41. g4 Ne7 42. Be3 Rh8 43. a4 Nd5 44. Bd2 h5 45. g5 Ke6 46. a5 Rc8 47. Rb7 Rc2 48. Ke1 h4 49. Rh7 Nf4 50. Bxf4 exf4 51. Rxh4 Rc5 1/2-1/2

[Event "Tianjin Binhai Cup 2nd"]
[Site "Tianjin"]
[Date "2020.01.17"]
[Round "8"]
[White "Zhou, Yichen"]
[Black "Zhang, Di"]
[Result "1/2-1/2"]
[WhiteElo "1536"]
[BlackElo "2064"]
[PlyCount "81"]
[EventDate "2020.01.13"]
[EventType "swiss"]
[EventRounds "9"]
[EventCountry "CHN"]
[SourceTitle "CBM 194 Extra"]
[Source "ChessBase"]
[SourceDate "2020.03.31"]
[SourceVersion "1"]
[SourceVersionDate "2020.03.31"]
[SourceQuality "1"]

1. d4 d5 2. c4 dxc4 3. e3 e5 4. Bxc4 exd4 5. exd4 Bd6 6. Nf3 Nf6 7. 0-0 0-0 8. h3 Nc6 9. Nc3 Bf5 10. Be3 h6 11. Re1 a6 12. a3 Qd7 13. d5 Ne7 14. Bd4 Ne8 15. Be5 Ng6 16. Bxd6 Nxd6 17. Bf1 Rad8 18. Nd4 Ne7 19. Rc1 Rfe8 20. Nxf5 Ndxf5 21. g3 Nd6 22. Bg2 Qf5 23. Qd4 Rd7 24. Re5 Qf6 25. Rce1 Red8 26. Ne4 Nxe4 27. Qxe4 Ng6 28. Re8+ Kh7 29. Rxd8 Rxd8 30. Qc2 Qd6 31. Qb3 b6 32. Qc2 Kg8 33. Qe2 a5 34. h4 Nf8 35. Rc1 Rd7 36. Rc6 Qe7 37. Qxe7 Rxe7 38. b4 axb4 39. axb4 Rd7 40. Bh3 Rxd5 41. Rxc7 1/2-1/2

[Event "Tianjin Binhai Cup 2nd"]
[Site "Tianjin"]
[Date "2020.01.15"]
[Round "4"]
[White "Zhu, Hengyi"]
[Black "Zhou, Yichen"]
[Result "1-0"]
[WhiteElo "2238"]
[BlackElo "1536"]
[PlyCount "77"]
[EventDate "2020.01.13"]
[EventType "swiss"]
[EventRounds "9"]
[EventCountry "CHN"]
[SourceTitle "CBM 194 Extra"]
[Source "ChessBase"]
[SourceDate "2020.03.31"]
[SourceVersion "1"]
[SourceVersionDate "2020.03.31"]
[SourceQuality "1"]

1. e4 c5 2. Nf3 d6 3. Bb5+ Nd7 4. 0-0 a6 5. Bd3 Ngf6 6. c3 g6 7. Bc2 Bg7 8. d4 0-0 9. Qe2 cxd4 10. cxd4 e5 11. dxe5 dxe5 12. Rd1 Qc7 13. Nc3 b5 14. Be3 Bb7 15. Rac1 Rac8 16. Bb3 Qb8 17. Nd5 Nxd5 18. exd5 Qd6 19. Rxc8 Rxc8 20. Ng5 Nf6 21. f3 h6 22. Ne4 Nxe4 23. fxe4 f5 24. Qf3 f4 25. Bf2 a5 26. a4 bxa4 27. Bxa4 Ba6 28. Qg4 Rc4 29. Be8 Kh7 30. Qe6 Qxe6 31. dxe6 Bf6 32. h3 Bc8 33. Bd7 Bxd7 34. exd7 Bd8 35. Rd6 Rxe4 36. Rc6 h5 37. Rc8 Rb4 38. Rxd8 Rb7 39. Rh8+ 1-0

[Event "Tianjin Binhai Cup 2nd"]
[Site "Tianjin"]
[Date "2020.01.14"]
[Round "3"]
[White "Zhou, Yichen"]
[Black "Ning, Kaiyu"]
[Result "1/2-1/2"]
[WhiteElo "1536"]
[BlackElo "2379"]
[PlyCount "122"]
[EventDate "2020.01.13"]
[EventType "swiss"]
[EventRounds "9"]
[EventCountry "CHN"]
[SourceTitle "CBM 194 Extra"]
[Source "ChessBase"]
[SourceDate "2020.03.31"]
[SourceVersion "1"]
[SourceVersionDate "2020.03.31"]
[SourceQuality "1"]

1. Nf3 d5 2. g3 c6 3. Bg2 Bg4 4. 0-0 Nd7 5. d3 Ngf6 6. b3 e5 7. Bb2 Qc7 8. h3 Bxf3 9. Bxf3 Bc5 10. d4 exd4 11. Bxd4 0-0 12. Bxc5 Nxc5 13. Nd2 Rad8 14. c3 Rfe8 15. e3 Nce4 16. Qc2 h5 17. Nxe4 dxe4 18. Bg2 Qe5 19. Rad1 g6 20. c4 Rc8 21. Rd2 Kg7 22. Rfd1 Rc7 23. Qb2 Qxb2 24. Rxb2 Nd7 25. Rbd2 Nc5 26. Bf1 a5 27. Rd8 Rc8 28. R8d2 Kf6 29. h4 Ke7 30. Be2 Rc7 31. Kf1 Nd7 32. a3 Ne5 33. Rd4 f5 34. Ke1 Ra8 35. Rb1 Nd7 36. Rd2 Nc5 37. Ra2 Rcc8 38. Rab2 Rcb8 39. Ra2 Ke6 40. Rbb2 Ke5 41. b4 Na6 42. Ra1 Nc7 43. Rab1 axb4 44. axb4 b6 45. Rd2 Rd8 46. Rxd8 Rxd8 47. Ra1 Ne6 48. Ra6 Rb8 49. Kd2 Nc7 50. Ra7 Kd6 51. Kc3 b5 52. Ra2 Rb7 53. Ra1 Ke5 54. Ra2 bxc4 55. Bxc4 Na8 56. Ra5+ Kd6 57. b5 Nc7 58. bxc6 Kxc6 59. Ra1 Kd6 60. Ra2 Rb6 61. Rb2 Rc6 1/2-1/2